000 00627nam a2200157 i 4500
001 189345
003 ES-MaACL
005 20230906223442.0
008 190524q18601879sp |||| | spa d
245 0 1 _a[Manuel de géographie].
260 _a[Sl. :
_bs.n.,
_c186?]
300 _a48 p. ;
_c21 cm.
500 _aEjemplar sin portada, título tomado de principio del texto.
651 4 _aEspaña-
_xGeografía.
_98200
852 _aES-MaACL
_jB-8926(6)
_z.- Legado de Federico de Botella y de Hornos
_z.- Encuadernado en un vol. facticio agrupado con el nombre en el lomo: España, geología, memorias y documentos varios 20 al 40
999 _c189345
_d189345